World Landmarks Quiz Stats

 Plays Quiz not verified by Sporcle

Support Sporcle.
Go Orange.
Score 0/35 Timer 07:00
0 Plays Today
# Landmark % Correct
1Taj Mahal
91.8%
18Statue of Liberty
63.6%
16White House
63.4%
8Stonehenge
62.9%
13Eiffel Tower
62.9%
15Leaning Tower of Pisa
61.3%
22Great Wall of China
61.3%
14Golden Gate Bridge
60.8%
6Grand Canyon
59.1%
19Sydney Opera House
56.2%
7Liberty Bell
52.2%
24Great Pyramids
51.8%
5Parthenon
51.7%
9Niagara Falls
49.3%
20Colosseum
48.5%
2CN Tower
44.8%
33Empire State Building
43.9%
29Palace of Westminster
43.5%
# Landmark % Correct
21Christ the Redeemer
41.9%
3Petra
41.7%
4Brandenburg Gate
41.2%
28Louvre
40.1%
23Machu Picchu
39.9%
27Ayers Rock
35.9%
34Mt. Fuji
34.1%
12St. Basil's Cathedral
31.4%
30Tiananmen Square
29.5%
26Angkor Wat
28.6%
25Petronas Towers
28.1%
10Sagrada Familia
26.1%
11Dome of the Rock
24.6%
17Hagia Sophia
23.2%
35Willis Tower
21.5%
32St. Peter's Basilica
19.9%
31Rialto Bridge
15.9%

You're not logged in!

Compare scores with friends on all Sporcle quizzes.
OR
Log In

From the Vault

BBC Top 100 Books

by Caesar

Now here's a question, how many of these books have you read and how many of these have just seen the movie?
Remove Ads.
Support Sporcle.
Get the best of Sporcle when you Go Orange. This ad-free experience offers more features, more stats, and more fun while also helping to support Sporcle. Thank you for becoming a member.

Show Comments

Extras

Top Quizzes Today


Score Distribution

Your Account Isn't Verified!

In order to create a playlist on Sporcle, you need to verify the email address you used during registration. Go to your Sporcle Settings to finish the process.

Report this User

Report this user for behavior that violates our Community Guidelines.

Details: